| 000 | 00734nam a2200217Ia 4500 | ||
|---|---|---|---|
| 005 | 20241129104354.0 | ||
| 008 | 241129s9999||||xx |||||||||||||| ||und|| | ||
| 020 | _a9789354423253 | ||
| 037 | _aTextual | ||
| 040 |
_aRTL _beng _cRTL |
||
| 041 |
_aeng _2eng |
||
| 084 |
_aY9(T).2 R3 _qRTL |
||
| 100 |
_aRazzack Azra; Sarangapani Padma M.; Jain Manish _9726075 |
||
| 245 | 0 |
_aEducation teaching and learning: Discourses cultures conversations _cRazzack Azra; Sarangapani Padma M.; Jain Manish |
|
| 260 |
_aNew Delhi _bOrient Blackswan _c2023 |
||
| 300 | _axvii,379p. | ||
| 365 |
_aINR _b2395 |
||
| 650 |
_aEducational Practices and Cultural Discourses _9726076 |
||
| 942 |
_cTB _hY9(T).2 R3 |
||
| 999 |
_c1225602 _d1225602 |
||